| 000 | 00884nam a22002537a 4500 | ||
|---|---|---|---|
| 001 | 155 | ||
| 003 | FISKH | ||
| 005 | 20230301123549.0 | ||
| 008 | 230301b cb ||||| |||| 00| 0 eng d | ||
| 040 |
_aDLC _cDLC _dDLC _dFISKH _beng |
||
| 042 | _alcac | ||
| 050 | 0 | 0 |
_aPZ7.S68524 _bErt 1982 |
| 082 | 0 | 0 |
_a813 _219 |
| 100 | 1 |
_aSobol, Donald J., _d1924-2012. |
|
| 245 | 1 | 0 |
_aEncyclopedia Brown sets the pace / _cDonald J. Sobol ; illustrations by Ib Ohlsson. |
| 260 |
_aNew York _bScholastic _c1982 |
||
| 300 |
_a89 p. _bill. ; _c20 cm. |
||
| 520 | _aMore mysterious cases for "America's Sherlock Holmes in sneakers" to solve for the standard twenty-five-cent fee. Solutions are included at the back of the book. | ||
| 521 | 8 |
_a660 _bLexile |
|
| 521 | 8 |
_aN _bRaz-Plus |
|
| 650 | 1 | _aMystery and detective stories. | |
| 906 |
_a7 _bcbc _corignew _d1 _eopcn _f19 _gy-gencatlg |
||
| 942 |
_2ddc _cBK _n0 |
||
| 999 |
_c155 _d155 |
||